Rozpoznaj książkę po opisie #1 - Statystyki

Ogólne statystyki
  • Ten quiz został rozwiązany 70 razy
  • Średni wynik to 8 z 10
Statystyki odpowiedzi
Opis książki Tytuł % Poprawnych
Epicka opowieść o konflikcie między rodami Sopliców i Horeszków, na tle miłości Tadeusza Soplicy i Zosi. Autor, Adam Mickiewicz, przedstawia malowniczy obraz szlacheckiej Polski, pełen opisów przyrody, tradycji i obyczajów. To dzieło, które kończy się aktem przebaczenia i nadzieją na lepszą przyszłość. Pan Tadeusz
98%
Historia chłopca, który dowiaduje się, że jest czarodziejem i trafia do Szkoły Magii i Czarodziejstwa w Hogwarcie. Wraz z przyjaciółmi, Ronem i Hermioną, mierzy się z różnymi przeciwnościami, by pokonać potężnego Voldemorta. To opowieść o przyjaźni, odwadze i dorastaniu w magicznym świecie. Harry Potter
97%
Powieść Bolesława Prusa przedstawia losy Stanisława Wokulskiego, człowieka ambitnego i przedsiębiorczego, który zakochuje się w arystokratce Izabeli Łęckiej. Jego dążenia do zdobycia jej serca przeplatają się z problemami społecznymi i ekonomicznymi Warszawy. To historia o niespełnionej miłości, różnicach klasowych i dylematach moralnych. Lalka
95%
Historia Bilbo Bagginsa, który wyrusza z drużyną krasnoludów, by odzyskać skarb zagarnięty przez smoka Smauga. Na swojej drodze spotyka czarodzieja Gandalfa, elfy oraz przerażającego Golluma, z którym rywalizuje o tajemniczy pierścień. To opowieść o odwadze, przyjaźni i pokonywaniu własnych słabości. Hobbit
92%
Historia rodzeństwa Piotra, Zuzanny, Edmunda i Łucji, które przez starą szafę trafia do magicznej krainy. Spotykają tam lwa Aslana i muszą pokonać złą Białą Czarownicę, by przywrócić porządek i pokój. To opowieść o odwadze, zdradzie i poszukiwaniu swojego miejsca w świecie. Opowieści z Narnii
91%
Epicka opowieść o drużynie złożonej z hobbita Froda, czarodzieja Gandalfa, elfa Legolasa, krasnoluda Gimliego i innych, którzy wyruszają na misję zniszczenia Jedynego Pierścienia. Ich podróż pełna jest niebezpieczeństw, zdrad i walki ze złem. To symboliczna historia o poświęceniu i walce dobra ze złem. Władca Pierścieni
91%
Dramat Szekspira, w którym duński książę szuka zemsty za śmierć swojego ojca, zabitego przez stryja Klaudiusza. Na jego drodze stają szaleństwo, miłość do Ofelii i moralne rozterki dotyczące działania i bezczynności. To uniwersalna opowieść o władzy, zdradzie i ludzkiej naturze. Hamlet
68%
Historia poety, który odbywa mistyczną podróż, próbując skontaktować się z ukochaną. Jego spotkanie z duchami i dramatyczne wizje stają się metaforą narodowej tragedii i buntu przeciwko niesprawiedliwości. Jeden z najbardziej znanych polskich dramatów romantycznych. Dziady
67%
Powieść Michaiła Bułhakowa opowiada o diable Wolandzie, który przybywa do Moskwy wraz ze swoją świtą. W tle pojawia się wątek miłości dwóch osób oraz ich zmagania z sowiecką rzeczywistością. Książka pełna jest filozoficznych refleksji, magii i niezwykłych wydarzeń. Mistrz i Małgorzata
61%
Historia Louisa, który opowiada swoje życie dziennikarzowi. Jego relacja z Lestatem oraz młodą Claudią ukazuje dramat istnienia wampira i próby odnalezienia sensu w życiu pełnym mroku. To opowieść o miłości, samotności i nieśmiertelności. Wywiad z wampirem
23%
Nie znaleziono quizów pasujących do podanych kryteriów
Rozkład punktacji
Procent ludzi z każdym wynikiem
Percentyl według liczby udzielonych odpowiedzi
Twoja historia wyników
Nie rozwiązałeś tego quizu